000 00705cab a2200253 4500
001 WB3144-28
008 090401t1995 xxu||||| |||| 00| 0 eng d
035 _a(Sirsi) u35258
041 _aeng
245 _a£14,700 for loss of privacy
260 _c1995
350 _a0
490 _aHerald
_v16 November 1995, 6(1)
520 _aA couple have won £14,700 in damages from the previous owner because a house built next door ruined their privacy.
650 _aDAMAGES
650 _aDIMINUTION IN VALUE
650 _aDISCLOSURE OF INFORMATION
650 _aHOUSE PRICES
650 _aPRIVACY
650 _aVENDOR AND PURCHASER
690 _aHOUSING
942 _n0
948 _c04/03/1997
999 _c23108
_d23108